Can you name every rookie on the 2012 A's? - Statistics

General Stats
  • This quiz has been taken 4 times
  • The average score is 10 of 18
Answer Stats
Position Age Games Answer % Correct
3B 26 75 Josh Donaldson
100%
LHP (RP) 25 44 Sean Doolittle
75%
LF/CF/DH 26 129 Yoenis Cespedes
75%
RHP (SP) 24 15 A.J. Griffin
50%
RHP (RP) 25 11 Andrew Carignan
50%
C 28 13 Anthony Recker
50%
1B 25 67 Chris Carter
50%
RHP (SP) 23 7 Dan Straily
50%
C 23 60 Derek Norris
50%
RHP (RP) 26 30 Evan Scribner
50%
RHP (SP/RP) 27 5 Graham Godfrey
50%
RHP (SP) 23 29 Jarrod Parker
50%
RHP (RP) 30 33 Jim Miller
50%
LF/RF 26 6 Michael Taylor
50%
LHP (RP) 26 19 Pedro Figueroa
50%
RHP (RP) 25 71 Ryan Cook
50%
LHP (SP) 25 31 Tommy Milone
50%
LHP (SP/RP) 29 24 Travis Blackley
50%
No matching quizzes found
Score Distribution
Percent of People with Each Score
Percentile by Number Answered
Your Score History
You have not taken this quiz